| 000 | 00949cam a2200301 i 4500 | ||
|---|---|---|---|
| 999 |
_c200448969 _d67181 |
||
| 001 | 200448969 | ||
| 003 | TR-AnTOB | ||
| 005 | 20230530001119.0 | ||
| 007 | ta | ||
| 008 | 991101s1997 tu 00000 tur | ||
| 035 | _a(TR-AnTOB)200448969 | ||
| 040 |
_aSULEY _beng _erda _cSULEY _dTR-AnTOB |
||
| 041 | 0 | _atur | |
| 050 | 4 |
_aG155.T9 _bK37 1997 |
|
| 090 |
_aG155.T9 _bK37 1997 |
||
| 245 | 0 | _aKaradeniz Bölgesinde yayla turizminin geliştirilmesi bölgesel gelişme ve çevreye uyumlu yapılaşma. | |
| 264 | 1 |
_aİstanbul : _bİstanbul Ticaret Odası, _c1997. |
|
| 300 |
_av, 163 pages ; _c24 cm |
||
| 336 |
_atext _btxt _2rdacontent |
||
| 337 |
_aunmediated _bn _2rdamedia |
||
| 338 |
_avolume _bnc _2rdacarrier |
||
| 490 | 0 |
_aİstanbul Ticaret Odası ; _v1997-27 |
|
| 650 | 7 |
_aTurizm _zTürkiye _2etuturkob _994548 |
|
| 710 | 2 |
_aİstanbul Ticaret Odası _919571 |
|
| 942 |
_2lcc _cBK |
||